Postaci z Władcy Pierścieni wg ojców - Statystyki

Ogólne statystyki
  • Ten quiz został rozwiązany 19 razy
  • Średni wynik to 7 z 10
Statystyki odpowiedzi
Postać - Ojciec % Poprawnych
Aragorn syn Arathorna
94%
Boromir syn Denethora
89%
Faramir syn Denethora
89%
Gimli syn Gloina
89%
Legolas syn Thranduila
89%
Frodo syn Droga
83%
Arwena córka Elronda
72%
Sam syn Hamfasta
67%
Isildur syn Elendila
50%
Theodred syn Theodena
22%
Nie znaleziono quizów pasujących do podanych kryteriów
Rozkład punktacji
Procent ludzi z każdym wynikiem
Percentyl według liczby udzielonych odpowiedzi
Twoja historia wyników
Nie rozwiązałeś tego quizu